Welcome to CU Library Online Public Access Catalogue (OPAC)

Everything you need to know about medical treatments. (Record no. 3307)

MARC details
000 -LEADER
fixed length control field 00555cam a2200193 a 4500
001 - CONTROL NUMBER
control field 2559402
005 - DATE AND TIME OF LATEST TRANSACTION
control field 20250131143059.0
008 - FIXED-LENGTH DATA ELEMENTS--GENERAL INFORMATION
fixed length control field 950227s1996 paua 001 0 eng
020 ## - INTERNATIONAL STANDARD BOOK NUMBER
International Standard Book Number 9780874348217
050 00 - LIBRARY OF CONGRESS CALL NUMBER
Classification number RC81
Item number .E9156 1996
082 00 - DEWEY DECIMAL CLASSIFICATION NUMBER
Classification number 616
Edition information 20
245 00 - TITLE STATEMENT
Title Everything you need to know about medical treatments.
260 ## - PUBLICATION, DISTRIBUTION, ETC.
Place of publication, distribution, etc. Springhouse, PA :
Name of publisher, distributor, etc. Springhouse Corp.,
Date of publication, distribution, etc. c1996.
300 ## - PHYSICAL DESCRIPTION
Extent xi, 628 p. :
Other physical details ill. ;
Dimensions 24 cm.
500 ## - GENERAL NOTE
General note Includes index.
650 #0 - SUBJECT ADDED ENTRY--TOPICAL TERM
Topical term or geographic name entry element Medicine, Popular.
710 2# - ADDED ENTRY--CORPORATE NAME
Corporate name or jurisdiction name as entry element Springhouse Corporation.
942 ## - ADDED ENTRY ELEMENTS (KOHA)
Source of classification or shelving scheme Library of Congress Classification
Koha item type Books
Suppress in OPAC No
999 ## -
-- 3307
-- 3307
Holdings
Withdrawn status Lost status Source of classification or shelving scheme Damaged status Not for loan Collection Home library Current library Shelving location Date acquired Total checkouts Full call number Barcode Date last seen Copy number Price effective from Koha item type
    Library of Congress Classification     Non-fiction Science Library (Miotso) Science Library (Miotso) General stacks 01/31/2025   RC81 .E9156 EVE SLM00002670 01/31/2025 1 01/31/2025 Books
© 2023-2024 Copyright: Central University Libraries. All Rights Reserved | Created by: Mahone Tech Office